UBT Library

Writing in a visual age / (Record no. 39311)

000 -LEADER
fixed length control field 00637cam a2200241 a 4500
001 - CONTROL NUMBER
control field 13472388
005 - DATE AND TIME OF LATEST TRANSACTION
control field 20171222040603.0
008 - FIXED-LENGTH DATA ELEMENTS--GENERAL INFORMATION
fixed length control field 040128s2004 maua 001 0 eng
010 ## - LIBRARY OF CONGRESS CONTROL NUMBER
LC control number 2004101197
020 ## - INTERNATIONAL STANDARD BOOK NUMBER
International Standard Book Number 0312394977
035 ## - SYSTEM CONTROL NUMBER
System control number (DLC) 2004101197
040 ## - CATALOGING SOURCE
Original cataloging agency DLC
Transcribing agency DLC
Modifying agency DLC
041 ## - LANGUAGE CODE
Language code of text/sound track or separate title eng
080 ## - UNIVERSAL DECIMAL CLASSIFICATION NUMBER
Universal Decimal Classification number 808.042 ODE
082 00 - DEWEY DECIMAL CLASSIFICATION NUMBER
Classification number 808.042 ODE
Edition number 22
100 1# - Rafti
Rafti 46
101 ## - Shkurtesa
Shkurtesa EDU
245 10 - TITLE STATEMENT
Title Writing in a visual age /
Statement of responsibility, etc Lee Odell, Susan Katz.
246 30 - VARYING FORM OF TITLE
Title proper/short title Visual age
906 ## - LOCAL DATA ELEMENT F, LDF (RLIN)
a 7
b cbc
c orignew
d 2
e epcn
f 20
g y-gencatlg
942 ## - ADDED ENTRY ELEMENTS (KOHA)
Source of classification or shelving scheme
Item type Books
Holdings
Withdrawn status Lost status Source of classification or shelving scheme Damaged status Not for loan Collection code Permanent location Current location Shelving location Date acquired Total Checkouts Full call number Barcode Date last seen Price effective from Koha item type
          Koleksioni i përgjithshem UBT - Lipjan UBT - Lipjan Koleksioni i përgjithshem 12/22/2017   808.042 ODE 002-29825 12/22/2017 12/22/2017 Books
UBT Library © 2015-2024. All rights reserved University Education for Business and Technology